00574nam a2200217Ia 450000500170000000800460001702000180006303700100008104000080009104000080009904000080010704100080011504100080012308400080013110000110013924501100015026000310026026000090029165000160030085600400031620260306163544.0008 260114s9999 xx 000 0 eng d a9781399509794 aEBOOK aCRL beng cCRL 2eng aeng qCRL aMuller 4aThe Scots Afrikaners: Identity Politics And Intertwined Religious Cultures In Southern And Central Africa bEdinburgh University Press c2022 aSocial Work uhttps://academic.oup.com/book/42179